[Event "KUW-ch sf"]
[Site "Kuwait"]
[Date "2018.11.22"]
[Round "6"]
[White "Alasad, Tareq"]
[Black "Alhassan, Meshari"]
[Result "0-1"]
[WhiteElo "1342"]
[BlackElo "1418"]
[PlyCount "107"]
[EventDate "2018.11.16"]
[EventType "swiss"]
[EventRounds "9"]
[EventCountry "KUW"]
[SourceTitle "CBM 187 Extra"]
[Source "ChessBase"]
[SourceDate "2018.11.04"]
[SourceVersion "1"]
[SourceVersionDate "2018.11.04"]
[SourceQuality "1"]

1. e4 b6 2. d4 Bb7 3. Nc3 e6 4. Bd3 h6 5. Nge2 Nf6 6. 0-0 c5 7. Re1 cxd4 8. Nxd4 Bb4 9. Nb3 Be7 10. Bf4 d6 11. Qe2 e5 12. Bg3 0-0 13. Rad1 a6 14. a3 Qc7 15. Bh4 Nxe4 16. Bxe7 Nxc3 17. bxc3 Qxe7 18. Nd4 Qg5 19. Nf3 Qf6 20. Be4 Bxe4 21. Qxe4 Ra7 22. Qb4 Rd8 23. Qxb6 Rad7 24. Qe3 Nc6 25. c4 Qe6 26. Rd5 Ne7 27. Rd2 Qxc4 28. Red1 Nf5 29. Qb3 Qc6 30. g4 Ne7 31. h4 Qe4 32. Nh2 Ng6 33. f3 Qf4 34. h5 Nh4 35. Rf2 Qg5 36. Qd3 f5 37. Qd5+ Kh8 38. Qd2 f4 39. Qd5 g6 40. Rdd2 gxh5 41. Qe6 hxg4 42. fxg4 Nf5 43. Qxf5 Qxf5 44. gxf5 Rf7 45. Rg2 Rxf5 46. Ng4 h5 47. Rh2 Rg8 48. Rdg2 Rfg5 49. Nf6 Rxg2+ 50. Rxg2 Rxg2+ 51. Kxg2 Kg7 52. Nxh5+ Kg6 53. Ng3 fxg3 54. Kxg3 0-1

[Event "KUW-ch First Stage"]
[Site "Kuwait"]
[Date "2017.12.15"]
[Round "6.11"]
[White "Shfakah, Turki"]
[Black "Alasad, Tareq"]
[Result "0-1"]
[WhiteElo "1210"]
[BlackElo "1488"]
[PlyCount "43"]
[EventDate "2017.12.09"]
[EventType "swiss"]
[EventRounds "9"]
[EventCountry "KUW"]
[SourceTitle "EXT 2024"]
[Source "ChessBase"]
[SourceDate "2023.10.10"]
[SourceVersion "1"]
[SourceVersionDate "2023.10.10"]
[SourceQuality "1"]

1. e4 c5 2. d4 e6 3. Nf3 d5 4. e5 Nc6 5. b3 a6 6. Be2 f6 7. Bf4 Bd7 8. Nbd2 Nxd4 9. Nxd4 cxd4 10. 0-0 Qb6 11. Bd3 f5 12. Bg5 Ne7 13. Qh5+ g6 14. Qd1 0-0-0 15. f4 h6 16. Bh4 Kb8 17. Nf3 Rg8 18. Bf2 Nc6 19. Rc1 Bc5 20. c3 dxc3 21. Rxc3 Bxf2+ 22. Rxf2 0-1

[Event "KUW-ch First Stage"]
[Site "Kuwait"]
[Date "2017.12.11"]
[Round "3.13"]
[White "Alkandari, Adel"]
[Black "Alasad, Tareq"]
[Result "1-0"]
[WhiteElo "1158"]
[BlackElo "1488"]
[PlyCount "57"]
[EventDate "2017.12.09"]
[EventType "swiss"]
[EventRounds "9"]
[EventCountry "KUW"]
[SourceTitle "EXT 2024"]
[Source "ChessBase"]
[SourceDate "2023.10.10"]
[SourceVersion "1"]
[SourceVersionDate "2023.10.10"]
[SourceQuality "1"]

1. d4 e6 2. c4 d5 3. Nc3 Bb4 4. Qa4+ Nc6 5. e3 Bxc3+ 6. bxc3 Nf6 7. Nf3 0-0 8. Bd3 Bd7 9. Qc2 g6 10. 0-0 Re8 11. Rb1 Rb8 12. Re1 Ng4 13. cxd5 exd5 14. e4 dxe4 15. Rxe4 Rxe4 16. Bxe4 f5 17. Bd5+ Kg7 18. Bg5 Nf6 19. Qd2 b6 20. Re1 Be8 21. Re6 Qxd5 22. Bxf6+ Kf7 23. Ng5+ Kg8 24. Qe3 Bf7 25. Nxf7 Kxf7 26. Rxc6 Re8 27. Rxc7+ Kxf6 28. Qxe8 Qxa2 29. g3 1-0